000
00300nam a2200133Ia 4500
005
20251222141759.0
008
251222s9999||||xx |||||||||||||| ||spa||
020
_a
9972-606-18-X
082
_a
869.56/A72
100
_a
Arias López, Adrián
245
0
_a
26-10-2,028
264
_b
Copé
942
_c
LIB
999
_c
6099
_d
6099